Jubileum Ivana Cvrkala

Bibliographic Details
Main Author: Žitný, Milan, 1948-2019 (Author)
Format: Article
Language:Slovak
ISSN:1335-0544
Subjects:

MARC

LEADER 00000nab a2200000 a 4500
001 vtls000711496
003 SK-MaSNL
005 20260304120736.0
008 250429c1999 xo 0 slo
015 |a SNBRB2000/01-03192 
035 |a CLN000063663 
035 |a urn:nbn:sk:snk-ab2rfs 
035 |a (urnnbn)urn:nbn:sk:snk:ar-a02ual 
035 |a (uuid)f913ee7d-0adb-4e6f-ac52-82e76c297917 
040 |a SNKBUCL  |b slo  |c SNKBUCL  |e AACR2 
041 0 |a slo 
044 |a xo  |c SK 
080 |a 82:929:885.4  |2 1997 
080 |a 885.4:929  |2 1997 
080 |a 929 Cvrkal, Ivan  |2 1997 
100 1 |a Žitný, Milan,  |d 1948-2019  |4 aut  |9 184001 
245 1 0 |a Jubileum Ivana Cvrkala  |c Milan Žitný 
600 1 7 |a Cvrkal, Ivan,  |d 1934-  |2 snkbucl  |9 106629 
655 7 |a články z novín a časopisov  |2 snkbucl  |9 267496 
773 0 |t Slovak review  |g Roč. 8, č. 2 (1999), s. 193-195  |x 1335-0544 
850 |a Slovenská národná knižnica 
852 |a Slovenská národná knižnica 
954 |a odborná, vedecká literatúra pôvodná (slovenská)  |2 lita 
958 |a article27 
958 |a LX 
958 |a SK 
958 |a BX 
958 |a OND 
958 |a EUIPO 
992 |a RBX 
999 |c 2881272  |d 2883202